| 000 | 00418nam a2200121Ia 4500 | ||
|---|---|---|---|
| 008 | 170221s9999 xx 000 0 und d | ||
| 100 | _aSoumita Banerjee | ||
| 245 | _aRole of a Project Manager in Managing Agile Projects | ||
| 245 | _cSoumita Banerjee* | ||
| 260 | _c2012 | ||
| 650 | _xBusiness | ||
| 856 | _uhttp://www.omicsgroup.org/journals/role-of-a-project-manager-in-managing-agile-projects-2167-0234-1000204.pdf | ||
| 999 |
_c309714 _d309714 |
||